Southville International School and Colleges
Your cart is empty.
  • Cart
  • Lists
    Public lists Eva Luna New books Lux_list list_1
    Your lists Log in to create your own lists
  • Log in to your account
  • Your cookies
  • Search history
Southville International School and Colleges
  • Advanced search
  • Recent comments
  • Most popular
  • Libraries

Log in to your account

Log in with GOOGLE


If you do not have an external account, but do have a local account, you can still log in:

  1. Home
  2. MARC view: Practical guidelines in employee relations :
Normal view MARC view ISBD view

Practical guidelines in employee relations : (Record no. 291297)

[ view plain ]
MARC details
000 -LEADER
fixed length control field 00790nam a2200289Ia 4500
003 - CONTROL NUMBER IDENTIFIER
control field SMC
005 - DATE AND TIME OF LATEST TRANSACTION
control field 20160629104820.0
008 - FIXED-LENGTH DATA ELEMENTS--GENERAL INFORMATION
fixed length control field 160303s9999 xx 000 0 und d
020 ## - INTERNATIONAL STANDARD BOOK NUMBER
International Standard Book Number 971-92541-0-6
050 ## - LIBRARY OF CONGRESS CALL NUMBER
Classification number FIL HF 5549.17
050 ## - LIBRARY OF CONGRESS CALL NUMBER
Item number .J56 2002
100 ## - MAIN ENTRY--PERSONAL NAME
Personal name Jimenez, Ramon T.
245 ## - TITLE STATEMENT
Title Practical guidelines in employee relations :
245 ## - TITLE STATEMENT
Remainder of title forms to use /
245 ## - TITLE STATEMENT
Statement of responsibility, etc Ramon T. Jimenez.
260 ## - PUBLICATION, DISTRIBUTION, ETC. (IMPRINT)
Place of publication, distribution, etc Quezon City:
260 ## - PUBLICATION, DISTRIBUTION, ETC. (IMPRINT)
Name of publisher, distributor, etc Ramon T. Jimenez Pub.,
260 ## - PUBLICATION, DISTRIBUTION, ETC. (IMPRINT)
Date of publication, distribution, etc 2002
300 ## - PHYSICAL DESCRIPTION
Extent 354 pages :
300 ## - PHYSICAL DESCRIPTION
Other physical details illustrations ;
300 ## - PHYSICAL DESCRIPTION
Dimensions 25 cm.
650 ## - SUBJECT ADDED ENTRY--TOPICAL TERM
Topical term or geographic name as entry element Industrial relations --
650 ## - SUBJECT ADDED ENTRY--TOPICAL TERM
Topical term or geographic name as entry element Personnel management --
650 ## - SUBJECT ADDED ENTRY--TOPICAL TERM
General subdivision Philippines -- Handbooks, manuals, etc.
650 ## - SUBJECT ADDED ENTRY--TOPICAL TERM
General subdivision Philippines -- Handbooks, manuals, etc.
942 ## - ADDED ENTRY ELEMENTS (KOHA)
Source of classification or shelving scheme Library of Congress Classification
Koha item type Books
Holdings
Withdrawn status Lost status Damaged status Home library Current library Shelving location Date acquired Total Checkouts Full call number Barcode Date last seen Price effective from Koha item type
      South Mansfield College South Mansfield College Filipiniana Section 03/07/2005   FIL HF 5549.17 .J56 2002 SMC00705 03/03/2016 03/03/2016  

Practical guidelines in employee relations :

APA

Jimenez R. T., .Practical guidelines in employee relations. Quezon City: .

Chicago

Jimenez Ramon T, .Practical guidelines in employee relations. Quezon City: .

Harvard

Jimenez R. T., .Practical guidelines in employee relations. Quezon City: .

MLA

Jimenez Ramon T, .Quezon City: . .

  • Place hold
  • Print
  • Cite
  • Add to your cart (remove)
  • Save record
    BIBTEX Dublin Core MARCXML MARC (non-Unicode/MARC-8) MARC (Unicode/UTF-8) MARC (Unicode/UTF-8, Standard) MODS (XML) RIS
  • More searches
    Search for this title in:
    Other Libraries (WorldCat) Other Databases (Google Scholar) Online Stores (Bookfinder.com) Open Library (openlibrary.org)

Exporting to Dublin Core...

SOUTHVILLE LIBRARY

Southville International School and Colleges Library

1281 Tropical Ave. Cor. Luxembourg St., BF Homes International, Las Pinas City

Tel. No. 8256374 / 252358 Loc. 117/146

Powered by Koha